Current diagnosis. (Record no. 4992)

MARC details
000 -LEADER
fixed length control field 01588cas a22004691 4500
001 - CONTROL NUMBER
control field 11159004
003 - CONTROL NUMBER IDENTIFIER
control field OSt
005 - DATE AND TIME OF LATEST TRANSACTION
control field 20160816131051.0
008 - FIXED-LENGTH DATA ELEMENTS--GENERAL INFORMATION
fixed length control field 760407d19661997paugr p 0 a0eng
010 ## - LIBRARY OF CONGRESS CONTROL NUMBER
LC control number 66015617
015 ## - NATIONAL BIBLIOGRAPHY NUMBER
National bibliography number 012148784
Source dnb
016 7# - NATIONAL BIBLIOGRAPHIC AGENCY CONTROL NUMBER
Record control number 012148784
Source DE-101
020 ## - INTERNATIONAL STANDARD BOOK NUMBER
International Standard Book Number 0721628168
035 ## - SYSTEM CONTROL NUMBER
System control number (OCoLC)ocm02097584
040 ## - CATALOGING SOURCE
Original cataloging agency DLC
Language of cataloging eng
Transcribing agency OKentU
Modifying agency PPiU
-- CU-UC
-- DLC
-- OCoLC
-- N
-- NST
-- DLC
-- EbpS
-- OCoLC
-- DNLM
-- NL-LeOCL
-- CaQQL
-- IWhN
-- OCoLC
-- RPB
-- HEBIS
-- GBVCP
-- TULIB
-- OCoLC
-- OCLCO
-- OCLCF
-- OCoLC
042 ## - AUTHENTICATION CODE
Authentication code pcc
082 ## - DEWEY DECIMAL CLASSIFICATION NUMBER
Classification number WB 141
Item number C938 1991
245 00 - TITLE STATEMENT
Title Current diagnosis.
Statement of responsibility, etc. Rex B. Conn
260 ## - PUBLICATION, DISTRIBUTION, ETC. (IMPRINT)
Place of publication, distribution, etc. Philadelphia,
Name of publisher, distributor, etc. W.B. Saunders Co.
Date of publication, distribution, etc. 1991
300 ## - PHYSICAL DESCRIPTION
Extent volumes
Other physical details illustrations
Dimensions 28 cm
336 ## - CONTENT TYPE
Content type term text
Content type code txt
Source rdacontent
337 ## - MEDIA TYPE
Media type term unmediated
Media type code n
Source rdamedia
338 ## - CARRIER TYPE
Carrier type term volume
Carrier type code nc
Source rdacarrier
362 0# - DATES OF PUBLICATION AND/OR SEQUENTIAL DESIGNATION
Dates of publication and/or sequential designation 1966-
362 1# - DATES OF PUBLICATION AND/OR SEQUENTIAL DESIGNATION
Dates of publication and/or sequential designation Ceased with v. 9 in 1997.
500 ## - GENERAL NOTE
General note Editors: 1966- H.F. Conn, R.J. Clohecy, and R.B. Conn.
590 ## - LOCAL NOTE (RLIN)
Local note SERBIB/SERLOC merged record
650 #0 - SUBJECT ADDED ENTRY--TOPICAL TERM
Topical term or geographic name as entry element Diagnosis.
9 (RLIN) 2389
650 #2 - SUBJECT ADDED ENTRY--TOPICAL TERM
Topical term or geographic name as entry element Diagnosis.
9 (RLIN) 2389
650 #4 - SUBJECT ADDED ENTRY--TOPICAL TERM
Topical term or geographic name as entry element Diagnostic techniques and procedures
Form subdivision Periodicals.
9 (RLIN) 10683
650 #6 - SUBJECT ADDED ENTRY--TOPICAL TERM
Topical term or geographic name as entry element Diagnostics.
9 (RLIN) 10684
650 #7 - SUBJECT ADDED ENTRY--TOPICAL TERM
Topical term or geographic name as entry element Diagnosis.
Source of heading or term fast
Authority record control number (OCoLC)fst00892273
9 (RLIN) 2389
650 17 - SUBJECT ADDED ENTRY--TOPICAL TERM
Topical term or geographic name as entry element Diagnostiek.
Source of heading or term gtt
9 (RLIN) 10685
650 17 - SUBJECT ADDED ENTRY--TOPICAL TERM
Topical term or geographic name as entry element Diagnose.
Source of heading or term gtt
9 (RLIN) 10686
655 #2 - INDEX TERM--GENRE/FORM
Genre/form data or focus term Periodicals.
9 (RLIN) 8736
700 ## - ADDED ENTRY--PERSONAL NAME
Personal name Conn, Rex B.
9 (RLIN) 10687
776 08 - ADDITIONAL PHYSICAL FORM ENTRY
Relationship information Online version:
Title Current diagnosis
Record control number (OCoLC)604156850
906 ## - LOCAL DATA ELEMENT F, LDF (RLIN)
a 7
b cbc
c serials
d 3
e ncip
f 19
g n-oclcserc
936 ## - OCLC/CONSER MISCELLANEOUS DATA (OCLC); PIECE USED FOR CATALOGING (pre-AACR2) (RLIN)
OCLC control number(s) of parallel record(s) (OCLC); Piece used for cataloging, PUC (RLIN) Unknown
-- 1966
942 ## - ADDED ENTRY ELEMENTS (KOHA)
Source of classification or shelving scheme Other/Generic Classification Scheme
Koha item type Open Shelf
Holdings
Withdrawn status Lost status Source of classification or shelving scheme Damaged status Not for loan Home library Current library Date acquired Source of acquisition Inventory number Total Checkouts Full call number Barcode Date last seen Price effective from Koha item type
    Other/Generic Classification Scheme     MUST Main Library MUST Main Library 16/08/2016   1997/11607   WB 141 C938 1991 2016-3635 16/08/2016 16/08/2016 Open Shelf